000 00836cam a2200265 a 4500
001 000018325
005 20200929165445.0
008 840416s1976 ve 000 f spa d
035 _a(DLC) 83207621
040 _aDO-SdBNP
_cDLC
_dDLC
_dOCoLC
_dBNPHU
043 _as-ve---
050 0 0 _aJS2758
_b.B56 1976
082 _annn
_bB641t
100 1 _aBlanco, Andrés Eloy,
_d1897-1955.
_939688
245 1 0 _aTemas municipales /
_cAndrés Eloy Blanco ; pórtico, Alí Lameda.
260 _aCaracas :
_bCentauro,
_c1976.
300 _a1 v. ;
_c18 cm.
650 0 _aMunicipal government
_zVenezuela.
_939689
650 0 _aCities and towns
_zVenezuela.
_939690
650 0 _aMunicipal government.
_939691
650 0 _aCities and towns.
_939692
910 _aCatalogación por derivada / LC
049 _aBNGR
082 0 0 _a352/.0072/0987
_219
999 _c17846
_d17846